Le discours et le symbole

Gardado en:
Detalles Bibliográficos
Autor Principal: Ortigues, Edmond
Formato: Libro
Idioma:Undetermined
Publicado: Mayenne, Francia Editions Montaigne 1962
Materias:
Etiquetas: Engadir etiqueta
Sen Etiquetas, Sexa o primeiro en etiquetar este rexistro!

MARC

LEADER 00000nam a2200000Ia 4500
008 170316s9999 xx 000 0 und d
090 |a 410 O-4d 
100 |a Ortigues, Edmond 
245 |a Le discours et le symbole 
260 |a Mayenne, Francia 
260 |b Editions Montaigne 
260 |c 1962 
300 |a 228 páginas 
650 |a LINGÜÍSTICA 
999 |c 18644  |d 18644 
040 |a cru BVZT 
942 |c 15 D  |h 410 O-4d  |2 z